000 00609nam a2200193Ia 4500
005 20250508162116.0
008 008 250505s9999 xx 000 0 eng d
037 _aTextual
040 _aFEDL
_beng
_cFEDL
041 _aeng
_2eng
084 _a181.45, UDU
_qFEDL
100 _aUdupa K. N.
_9392727
245 0 _aDisorders of stress and their management by yoga : A study of neuromumoral response
260 _aVaranasi, India
_bBanaras Hindu University
_c1978
300 _aiii,205p.
650 _aOriental Philosophy
_9755543
942 _cTEXL
_h181.45, UDU
999 _c1374429
_d1374429